| 000 | 01288nam a22003255a 4500 | ||
|---|---|---|---|
| 005 | 20090718155048.0 | ||
| 008 | 090326s2009 ii bs 000 0 eng | ||
| 010 | _aENG-94464 | ||
| 020 |
_a9780195695953 _c695.00 |
||
| 020 |
_a019569595X _c695.00 |
||
| 035 | _aEN-77997 | ||
| 037 | _bDSBAD / PUB | ||
| 040 |
_adpl _bEnglish |
||
| 082 | _a338.10954 | ||
| 245 |
_aAgrarian crisis in India / _cedited by D. Narasimha Reddy [and] Srijit Mishra |
||
| 260 |
_aNew Delhi ; _bOxford University Press _c2009 |
||
| 270 |
_aYMCA Library Building, Jai Singh Road, _bNew Delhi _e110001 |
||
| 300 |
_axxix, 286 p. : _b1 map ; _c23cm(Hb) |
||
| 500 | _aIncludes statistical tables. | ||
| 504 | _aIncludes bibliographical references | ||
| 650 |
_aAgriculture _xEconomic aspects _zIndia. |
||
| 650 |
_aAgriculture _xEconomic aspects _zIndia _vStatistics. |
||
| 650 |
_aFarmers _xSuicidal behavior _zIndia. |
||
| 650 |
_aAgricultural credit _zIndia. |
||
| 650 |
_aAgriculture and state _zIndia. |
||
| 700 | _aNarasimha Reddy, D. | ||
| 700 | _aMishra, Srijit | ||
| 942 |
_2ddc _cEN _mAGR _h338.10954 |
||
| 999 |
_c28421 _d28421 |
||